[Event "Primorsko op-A"]
[Site "Primorsko"]
[Date "2019.09.21"]
[Round "7"]
[White "Nenkov, Ljudmil"]
[Black "Nikolov, Sasho"]
[Result "0-1"]
[WhiteElo "2234"]
[BlackElo "2302"]
[PlyCount "78"]
[EventDate "2019.09.15"]
[EventType "swiss"]
[EventRounds "9"]
[EventCountry "BUL"]
[SourceTitle "EXT 2020"]
[Source "ChessBase"]
[SourceDate "2019.10.17"]
[SourceVersion "1"]
[SourceVersionDate "2019.10.17"]
[SourceQuality "1"]

1. Nf3 g6 2. e4 Bg7 3. d4 d6 4. Bc4 Nf6 5. Qe2 0-0 6. 0-0 Bg4 7. h3 Bxf3 8. Qxf3 Nc6 9. c3 e5 10. d5 Nb8 11. Bg5 h6 12. Be3 c6 13. Rd1 Qe7 14. Na3 Nbd7 15. dxc6 bxc6 16. Bb3 Rfd8 17. Rd2 Nf8 18. Rad1 Ne6 19. Nc4 Ne8 20. Ba4 Qc7 21. b4 d5 22. exd5 cxd5 23. Rxd5 Qxc4 24. Rxd8 Rxd8 25. Rxd8 Nxd8 26. Bxe8 Qe6 27. Bb5 Qxa2 28. Qa8 Qa1+ 29. Kh2 Bf6 30. c4 Kh7 31. Qxa7 Qc3 32. Bd7 Qxb4 33. c5 e4 34. Qb6 Qc3 35. g3 Bd4 36. Bxd4 Qxd4 37. Qxd8 Qxf2+ 38. Kh1 Qe1+ 39. Kg2 Qd2+ 0-1

[Event "BUL-chT 64th"]
[Site "Sunny Beach"]
[Date "2015.06.02"]
[Round "3.1"]
[White "Nenkov, Ljudmil"]
[Black "Georgiev, Kiril"]
[Result "1/2-1/2"]
[WhiteElo "2217"]
[BlackElo "2616"]
[PlyCount "99"]
[EventDate "2015.05.31"]
[EventType "team-tourn"]
[EventRounds "7"]
[EventCountry "BUL"]
[SourceTitle "CBM 166 Extra"]
[Source "ChessBase"]
[SourceDate "2015.06.18"]
[SourceVersion "1"]
[SourceVersionDate "2015.06.18"]
[SourceQuality "1"]
[WhiteTeam "Pernik Yuriy Benderev"]
[BlackTeam "Sofia CSKA"]
[WhiteTeamCountry "BUL"]
[BlackTeamCountry "BUL"]

1. Nf3 Nf6 2. g3 b5 3. Bg2 Bb7 4. d4 e6 5. Qd3 a6 6. Nbd2 d5 7. Ne5 c5 8. c3 Bd6 9. 0-0 0-0 10. f4 Nc6 11. e4 dxe4 12. Nxe4 Bxe5 13. Nxc5 Bxd4+ 14. cxd4 Nb4 15. Nxb7 Nxd3 16. Nxd8 Raxd8 17. Rd1 Rxd4 18. Be3 Rd7 19. Rd2 Ng4 20. Bb6 Nde5 21. Rxd7 Nxd7 22. Ba7 Rc8 23. Rd1 Ngf6 24. g4 h6 25. g5 Rc7 26. Bd4 hxg5 27. fxg5 Nh7 28. h4 Nhf8 29. Bc3 Ng6 30. Ba5 Ra7 31. Bc6 Nge5 32. Be4 f5 33. Bg2 Nc4 34. Bc3 Ne3 35. Rd6 Nxg2 36. Kxg2 Kh7 37. h5 Nc5 38. Bd4 Ne4 39. Rd8 Rc7 40. Be3 g6 41. h6 e5 42. Re8 f4 43. Rxe5 Nxg5 44. Bxf4 Nf7 45. Re6 Rc2+ 46. Kf3 g5 47. Be3 Rxb2 48. Rxa6 Nxh6 49. Bxg5 Nf7 50. Bf4 1/2-1/2

[Event "BUL-chT 64th"]
[Site "Sunny Beach"]
[Date "2015.06.01"]
[Round "2.4"]
[White "Popchev, Milko"]
[Black "Nenkov, Ljudmil"]
[Result "0-1"]
[WhiteElo "2212"]
[BlackElo "2217"]
[PlyCount "58"]
[EventDate "2015.05.31"]
[EventType "team-tourn"]
[EventRounds "7"]
[EventCountry "BUL"]
[SourceTitle "CBM 166 Extra"]
[Source "ChessBase"]
[SourceDate "2015.06.18"]
[SourceVersion "1"]
[SourceVersionDate "2015.06.18"]
[SourceQuality "1"]
[WhiteTeam "Sofia Lokomotiv"]
[BlackTeam "Pernik Yuriy Benderev"]
[WhiteTeamCountry "BUL"]
[BlackTeamCountry "BUL"]

1. g3 d5 2. Bg2 e5 3. d3 Bd6 4. Nf3 Nf6 5. 0-0 0-0 6. c4 e4 7. dxe4 dxe4 8. Ng5 Bf5 9. Nc3 Re8 10. Qb3 Qe7 11. Qxb7 Nbd7 12. Nb5 Nc5 13. Nxd6 Nxb7 14. Nxf5 Qc5 15. Bh3 h6 16. Be3 Qxc4 17. Rac1 Qa6 18. Nxf7 Nd5 19. N7xh6+ gxh6 20. Bxh6 Nd6 21. Ne3 Nxe3 22. Bxe3 Re7 23. Rc5 Rb8 24. Rfc1 Qxa2 25. Rxc7 Rxc7 26. Rxc7 Rb7 27. Rc6 Qd5 28. Ra6 Rxb2 29. Rxa7 Nf5 0-1

[Event "BUL-chT 64th"]
[Site "Sunny Beach"]
[Date "2015.05.31"]
[Round "1.2"]
[White "Nenkov, Ljudmil"]
[Black "Spasov, Vasil"]
[Result "0-1"]
[WhiteElo "2217"]
[BlackElo "2554"]
[PlyCount "72"]
[EventDate "2015.05.31"]
[EventType "team-tourn"]
[EventRounds "7"]
[EventCountry "BUL"]
[SourceTitle "CBM 166 Extra"]
[Source "ChessBase"]
[SourceDate "2015.06.18"]
[SourceVersion "1"]
[SourceVersionDate "2015.06.18"]
[SourceQuality "1"]
[WhiteTeam "Pernik Yuriy Benderev"]
[BlackTeam "Radnevo Maritsa Iztok"]
[WhiteTeamCountry "BUL"]
[BlackTeamCountry "BUL"]

1. Nf3 g6 2. e4 Bg7 3. Bc4 d6 4. d4 Nf6 5. Qe2 0-0 6. Nc3 c6 7. Bg5 b5 8. Bd3 Bg4 9. h3 Bxf3 10. Qxf3 e5 11. dxe5 dxe5 12. 0-0 Nbd7 13. Rfd1 Qe7 14. Rd2 h6 15. Be3 Nc5 16. Rad1 Rad8 17. a3 Ne6 18. Ne2 Ng5 19. Bxg5 hxg5 20. Nc1 a5 21. Qe3 g4 22. h4 Kh7 23. Qb6 Bh6 24. Re2 Rd6 25. Qxa5 g5 26. hxg5 Bxg5 27. g3 Kg7 28. Ree1 Rh8 29. Qb4 c5 30. Qxb5 Bxc1 31. Rxc1 Nh7 32. Kg2 Qf6 33. Be2 Ng5 34. Bxg4 Rh2+ 35. Kxh2 Qxf2+ 36. Kh1 Rh6+ 0-1

[Event "BUL-chT 64th"]
[Site "Sunny Beach"]
[Date "2014.09.24"]
[Round "6.1"]
[White "Iliev, Ilian"]
[Black "Nenkov, Ljudmil"]
[Result "0-1"]
[WhiteElo "2203"]
[BlackElo "2190"]
[PlyCount "70"]
[EventDate "2014.09.19"]
[EventType "team-tourn"]
[EventRounds "7"]
[EventCountry "BUL"]
[SourceTitle "CBM 162 Extra"]
[Source "ChessBase"]
[SourceDate "2014.10.17"]
[SourceVersion "1"]
[SourceVersionDate "2014.10.17"]
[SourceQuality "1"]
[WhiteTeam "Vidin Nayden Voynov"]
[BlackTeam "Pernik Yuriy Benderev"]
[WhiteTeamCountry "BUL"]
[BlackTeamCountry "BUL"]

1. d4 d5 2. c4 e6 3. Nc3 Nf6 4. Bg5 c6 5. e3 Nbd7 6. Nf3 Qa5 7. Nd2 Bb4 8. Qc2 0-0 9. Be2 e5 10. 0-0 exd4 11. Nb3 Qb6 12. Nxd4 Bxc3 13. bxc3 dxc4 14. Bxc4 Qc5 15. Bxf6 Qxc4 16. Bh4 Nb6 17. Qb3 c5 18. Qxc4 Nxc4 19. Nf3 Bg4 20. Rfe1 f6 21. h3 Bxf3 22. gxf3 Rfd8 23. Red1 b6 24. Kf1 Nb2 25. Rxd8+ Rxd8 26. Ke2 c4 27. Bg3 Na4 28. Rc1 Rd3 29. Bb8 Nxc3+ 30. Kf1 b5 31. Bxa7 Nxa2 32. Ra1 Rd2 33. Ke1 c3 34. e4 Nb4 35. Be3 Nc2+ 0-1

[Event "BUL-chT 64th"]
[Site "Sunny Beach"]
[Date "2014.09.22"]
[Round "4.1"]
[White "Spasov, Vasil"]
[Black "Nenkov, Ljudmil"]
[Result "1-0"]
[WhiteElo "2546"]
[BlackElo "2190"]
[PlyCount "109"]
[EventDate "2014.09.19"]
[EventType "team-tourn"]
[EventRounds "7"]
[EventCountry "BUL"]
[SourceTitle "CBM 162 Extra"]
[Source "ChessBase"]
[SourceDate "2014.10.17"]
[SourceVersion "1"]
[SourceVersionDate "2014.10.17"]
[SourceQuality "1"]
[WhiteTeam "Razgrad Abritus"]
[BlackTeam "Pernik Yuriy Benderev"]
[WhiteTeamCountry "BUL"]
[BlackTeamCountry "BUL"]

1. e4 d5 2. exd5 Nf6 3. d4 Bg4 4. Bb5+ Nbd7 5. Be2 Bxe2 6. Qxe2 Nxd5 7. Nf3 c6 8. c4 Nc7 9. 0-0 e6 10. Nc3 Be7 11. Bf4 0-0 12. Rad1 Re8 13. Ne5 Bb4 14. Ne4 f6 15. Nf3 Bf8 16. Bg3 Nb6 17. Qc2 Nc8 18. Rfe1 Nd6 19. Nc5 Rb8 20. b3 b6 21. Bf4 Qc8 22. Nd3 Nf7 23. h4 Rb7 24. Be3 Na6 25. Nf4 Nb4 26. Qb1 c5 27. dxc5 Bxc5 28. Bxc5 bxc5 29. Nd3 a5 30. Nb2 e5 31. Na4 Qc6 32. Nc3 Qe6 33. Qe4 Rbb8 34. Nd5 Qc8 35. Nxb4 axb4 36. Rd5 Ra8 37. Qe3 Ra5 38. Red1 Nh6 39. Qe4 Nf5 40. Rd7 Nd4 41. Qd5+ Kh8 42. Nxd4 exd4 43. Qf7 Rg8 44. Re1 Rxa2 45. Rc7 Qf8 46. Qd5 Ra5 47. Ree7 Qb8 48. f4 Ra1+ 49. Kh2 Ra5 50. h5 h6 51. Qf5 d3 52. Qg6 Qxc7 53. Rxc7 d2 54. Rd7 Ra2 55. Qe4 1-0

[Event "BUL-chT 64th"]
[Site "Sunny Beach"]
[Date "2014.09.21"]
[Round "3.1"]
[White "Nenkov, Ljudmil"]
[Black "Milchev, Nikolay"]
[Result "1-0"]
[WhiteElo "2190"]
[BlackElo "2436"]
[PlyCount "109"]
[EventDate "2014.09.19"]
[EventType "team-tourn"]
[EventRounds "7"]
[EventCountry "BUL"]
[SourceTitle "CBM 162 Extra"]
[Source "ChessBase"]
[SourceDate "2014.10.17"]
[SourceVersion "1"]
[SourceVersionDate "2014.10.17"]
[SourceQuality "1"]
[WhiteTeam "Pernik Yuriy Benderev"]
[BlackTeam "Dupnitsa Marek Union"]
[WhiteTeamCountry "BUL"]
[BlackTeamCountry "BUL"]

1. Nf3 g6 2. g3 Bg7 3. Bg2 c5 4. 0-0 Nc6 5. e4 d6 6. c3 e5 7. a4 Nge7 8. Na3 0-0 9. Rb1 h6 10. b4 f5 11. bxc5 dxc5 12. exf5 gxf5 13. Qb3+ Kh7 14. Qb5 e4 15. Ne1 b6 16. f3 exf3 17. Nxf3 Be6 18. Nc4 a6 19. Qxb6 Bxc4 20. Re1 Bd3 21. Qxd8 Rfxd8 22. Rb7 Ng6 23. Ba3 c4 24. Re6 Be4 25. Rb6 Nce5 26. Nxe5 Nxe5 27. Bd6 Nf3+ 28. Bxf3 Bxf3 29. Bf4 Re8 30. Rg6 Bh5 31. Rxh6+ Bxh6 32. Rxh6+ Kg8 33. Rxh5 Rf8 34. Rh4 Rfe8 35. Be3 Re4 36. Rh5 Rf8 37. Kf2 Re6 38. Kf3 Rf7 39. h4 Rg6 40. Bd4 Kf8 41. Rh8+ Ke7 42. Rc8 Kd7 43. Rxc4 Rc6 44. Rb4 Ke6 45. Kf4 Kd5 46. a5 Rg6 47. Kf3 Re7 48. Be3 Re4 49. Rb7 Ra4 50. h5 Rg8 51. h6 Rg6 52. Bf4 Rg8 53. d3 Rh8 54. Rd7+ Kc6 55. Rf7 1-0

[Event "BUL-chT 64th"]
[Site "Sunny Beach"]
[Date "2014.09.20"]
[Round "2.1"]
[White "Georgiev, Krum"]
[Black "Nenkov, Ljudmil"]
[Result "1/2-1/2"]
[WhiteElo "2443"]
[BlackElo "2190"]
[PlyCount "63"]
[EventDate "2014.09.19"]
[EventType "team-tourn"]
[EventRounds "7"]
[EventCountry "BUL"]
[SourceTitle "CBM 162 Extra"]
[Source "ChessBase"]
[SourceDate "2014.10.17"]
[SourceVersion "1"]
[SourceVersionDate "2014.10.17"]
[SourceQuality "1"]
[WhiteTeam "Sofia Lokomotiv"]
[BlackTeam "Pernik Yuriy Benderev"]
[WhiteTeamCountry "BUL"]
[BlackTeamCountry "BUL"]

1. e4 c6 2. d3 d5 3. Nd2 g6 4. Ngf3 Bg7 5. Be2 Nf6 6. h3 0-0 7. 0-0 c5 8. c3 Nc6 9. Re1 Qc7 10. a4 Rd8 11. Qc2 b6 12. Nf1 Ba6 13. Bg5 Rd7 14. Ne3 d4 15. cxd4 cxd4 16. Bxf6 dxe3 17. Bxg7 exf2+ 18. Kxf2 Kxg7 19. Rac1 Rc8 20. d4 Bxe2 21. Qxe2 Qd8 22. d5 Nb4 23. Qb5 a5 24. Rc3 Rdc7 25. Rec1 Rc5 26. Rxc5 Rxc5 27. Rxc5 bxc5 28. b3 Qc7 29. Kg1 h5 30. Qc4 Qd6 31. Qb5 Qc7 32. Qc4 1/2-1/2

[Event "BUL-chT 64th"]
[Site "Sunny Beach"]
[Date "2014.09.19"]
[Round "1.1"]
[White "Nenkov, Ljudmil"]
[Black "Delchev, Aleksander"]
[Result "0-1"]
[WhiteElo "2190"]
[BlackElo "2660"]
[PlyCount "84"]
[EventDate "2014.09.19"]
[EventType "team-tourn"]
[EventRounds "7"]
[EventCountry "BUL"]
[SourceTitle "CBM 162 Extra"]
[Source "ChessBase"]
[SourceDate "2014.10.17"]
[SourceVersion "1"]
[SourceVersionDate "2014.10.17"]
[SourceQuality "1"]
[WhiteTeam "Pernik Yuriy Benderev"]
[BlackTeam "Plovdiv Lokomotiv"]
[WhiteTeamCountry "BUL"]
[BlackTeamCountry "BUL"]

1. Nf3 d5 2. g3 Nc6 3. c4 d4 4. Bg2 e5 5. d3 Bb4+ 6. Nbd2 a5 7. 0-0 Nf6 8. a3 Bc5 9. b3 0-0 10. Ne4 Nxe4 11. dxe4 f6 12. Ne1 Be6 13. Nd3 Be7 14. Bd2 a4 15. bxa4 Na5 16. c5 Nb3 17. Rb1 Nxc5 18. Nxc5 Bxc5 19. Rxb7 Ra7 20. Rxa7 Bxa7 21. Qc2 c5 22. Rb1 Qc7 23. a5 Qc6 24. a4 c4 25. Bc1 c3 26. Ba3 Rd8 27. Rb5 Bc4 28. Rb4 Kh8 29. Bf1 Qa6 30. Rb1 h6 31. Bb4 Kh7 32. Kg2 Qc6 33. Kg1 Rb8 34. Bh3 Qb7 35. e3 dxe3 36. fxe3 Bxe3+ 37. Kh1 Bd4 38. Bg4 Qa6 39. Be7 Bd3 40. Rxb8 Bxc2 41. Bf5+ g6 42. Bxf6 Qf1# 0-1

[Event "BUL-chT-B 62nd"]
[Site "Sunny Beach"]
[Date "2012.09.25"]
[Round "7.1"]
[White "Yordanov, Nikolay Plamenov"]
[Black "Nenkov, Ljudmil"]
[Result "1-0"]
[WhiteElo "2305"]
[BlackElo "2309"]
[PlyCount "59"]
[EventDate "2012.09.19"]
[EventType "team-swiss"]
[EventRounds "7"]
[EventCountry "BUL"]
[SourceTitle "CBM 150 Extra"]
[Source "ChessBase"]
[SourceDate "2012.10.19"]
[SourceVersion "1"]
[SourceVersionDate "2012.10.19"]
[SourceQuality "1"]
[WhiteTeam "Pleven Spartak XXI"]
[BlackTeam "Pernik Yuriy Benderev"]
[WhiteTeamCountry "BUL"]
[BlackTeamCountry "BUL"]

1. e4 c6 2. d4 d5 3. f3 e6 4. Nc3 Nf6 5. Bf4 Bb4 6. Qd3 Qa5 7. Nge2 dxe4 8. fxe4 Nbd7 9. 0-0-0 c5 10. Nb5 Qxa2 11. Nc7+ Kd8 12. c3 cxd4 13. Nxa8 Nc5 14. Qxd4+ Bd7 15. Qxb4 Nfxe4 16. Be3 Nb3+ 17. Kc2 Na1+ 18. Rxa1 Qxa1 19. Qxe4 Ba4+ 20. b3 Qa2+ 21. Kd1 Qa1+ 22. Bc1 Bxb3+ 23. Ke1 Bd5 24. Qe5 Ke7 25. Nc7 Bc6 26. Nxe6 f6 27. Qc7+ Kxe6 28. Nf4+ Kf5 29. Bd3+ Be4 30. Qc5+ 1-0

[Event "Plovdiv Tringov Memorial 34th"]
[Site "Plovdiv"]
[Date "2012.02.05"]
[Round "9"]
[White "Dimitrov, Radoslav"]
[Black "Nenkov, Ljudmil"]
[Result "0-1"]
[WhiteElo "2437"]
[BlackElo "2297"]
[PlyCount "52"]
[EventDate "2012.01.29"]
[EventType "swiss"]
[EventRounds "9"]
[EventCountry "BUL"]
[SourceTitle "CBM 146 Extra"]
[Source "ChessBase"]
[SourceDate "2012.02.29"]
[SourceVersion "1"]
[SourceVersionDate "2012.02.29"]
[SourceQuality "1"]

1. Nc3 d5 2. e4 dxe4 3. Nxe4 Nd7 4. d4 Ngf6 5. Ng3 e6 6. Nf3 c5 7. Be2 h5 8. h4 Qc7 9. Qd3 b6 10. c3 Bb7 11. 0-0 Bd6 12. Ng5 c4 13. Qe3 Nd5 14. Nxe6 fxe6 15. Qxe6+ Kf8 16. Bg5 N7f6 17. Qf5 Re8 18. Bd1 Ne7 19. Qh3 Bc8 20. Qh1 Ned5 21. Ba4 Re7 22. Rae1 Kf7 23. Rxe7+ Qxe7 24. Bc6 Nf4 25. Be4 Qxe4 26. Bxf6 gxf6 0-1

[Event "Plovdiv Tringov Memorial 34th"]
[Site "Plovdiv"]
[Date "2012.02.04"]
[Round "8"]
[White "Nenkov, Ljudmil"]
[Black "Arsovic, Zoran"]
[Result "1/2-1/2"]
[WhiteElo "2297"]
[BlackElo "2441"]
[PlyCount "33"]
[EventDate "2012.01.29"]
[EventType "swiss"]
[EventRounds "9"]
[EventCountry "BUL"]
[SourceTitle "CBM 146 Extra"]
[Source "ChessBase"]
[SourceDate "2012.02.29"]
[SourceVersion "1"]
[SourceVersionDate "2012.02.29"]
[SourceQuality "1"]

1. Nf3 Nf6 2. g3 c5 3. Bg2 Nc6 4. 0-0 d6 5. d4 cxd4 6. Nxd4 Bd7 7. c4 g6 8. b3 Bg7 9. Bb2 h5 10. h4 0-0 11. Nd2 Nxd4 12. Bxd4 Bc6 13. Qc2 Bxg2 14. Kxg2 Qd7 15. Rad1 b5 16. Qd3 Qb7+ 17. Qf3 1/2-1/2

[Event "BUL-chT2"]
[Site "Albena"]
[Date "2011.06.06"]
[Round "7.3"]
[White "Nenkov, Ljudmil"]
[Black "Galunov, Todor"]
[Result "1/2-1/2"]
[WhiteElo "2294"]
[BlackElo "2330"]
[PlyCount "67"]
[EventDate "2011.06.02"]
[EventType "team-tourn"]
[EventRounds "9"]
[EventCountry "BUL"]
[SourceTitle "CBM 142 Extra"]
[Source "ChessBase"]
[SourceDate "2011.06.27"]
[SourceVersion "1"]
[SourceVersionDate "2011.06.27"]
[SourceQuality "1"]
[WhiteTeam "Pernik Yuriy Benderev"]
[BlackTeam "Shumen 2005"]
[WhiteTeamCountry "BUL"]
[BlackTeamCountry "BUL"]

1. Nf3 Nf6 2. g3 d5 3. Bg2 c6 4. d3 g6 5. 0-0 Bg7 6. Nbd2 0-0 7. e4 dxe4 8. dxe4 c5 9. Re1 Nc6 10. c3 Qc7 11. Qe2 e5 12. Nc4 b6 13. Bg5 Ba6 14. Bxf6 Bxf6 15. Bf1 Na5 16. Nfd2 Bg5 17. Qg4 Bxd2 18. Nxd2 Bb7 19. h4 Rad8 20. Rad1 Rd6 21. Nc4 Nxc4 22. Bxc4 Rfd8 23. Rxd6 Qxd6 24. Bb3 Kg7 25. Rd1 Qf6 26. Bd5 h5 27. Qe2 Bc8 28. Rd3 Ba6 29. c4 Rd7 30. Qd1 Bc8 31. Kg2 Qd6 32. Rf3 Re7 33. Qd2 Bg4 34. Rd3 1/2-1/2

[Event "Radomir op"]
[Site "Radomir"]
[Date "2009.09.26"]
[Round "2"]
[White "Nenkov, Ljudmil"]
[Black "Nikolov, Jordan"]
[Result "0-1"]
[WhiteElo "2294"]
[BlackElo "2101"]
[PlyCount "64"]
[EventDate "2009.09.26"]
[EventType "swiss"]
[EventRounds "7"]
[EventCountry "BUL"]
[SourceTitle "EXT 2010"]
[Source "ChessBase"]
[SourceDate "2010.11.25"]
[SourceVersion "1"]
[SourceVersionDate "2010.11.25"]
[SourceQuality "1"]

1. Nf3 d5 2. g3 c6 3. Bg2 Nf6 4. c4 a6 5. 0-0 b5 6. cxd5 cxd5 7. a4 b4 8. Qb3 e6 9. d3 Be7 10. Bg5 Nc6 11. e4 Na5 12. Qc2 dxe4 13. dxe4 Bb7 14. Rd1 Qc8 15. Qe2 Qc4 16. Qxc4 Nxc4 17. Nbd2 Nxb2 18. Rdb1 Nd3 19. Rb3 Rd8 20. Bf1 Nc5 21. Rxb4 a5 22. Bb5+ Kf8 23. Rc4 Ncxe4 24. Nxe4 Bxe4 25. Ne5 Bd5 26. Rc7 h6 27. Be3 Bd6 28. Nxf7 Bxc7 29. Nxh8 Be4 30. Rc1 Nd5 31. Bc6 Bd6 32. Rc4 Bh7 0-1

[Event "BUL-chT"]
[Site "Pamporovo"]
[Date "2001.10.06"]
[Round "5"]
[White "Nenkov, Ljudmil"]
[Black "Stoinev, Metodi"]
[Result "0-1"]
[WhiteElo "2295"]
[BlackElo "2344"]
[PlyCount "88"]
[EventDate "2001.10.03"]
[EventType "team"]
[EventRounds "7"]
[EventCountry "BUL"]
[SourceTitle "CBM 084 Extra"]
[Source "ChessBase"]
[SourceDate "2001.10.26"]
[SourceVersion "1"]
[SourceVersionDate "2001.10.26"]
[SourceQuality "1"]

1. Nf3 d5 2. g3 Nf6 3. Bg2 c6 4. 0-0 Bf5 5. d3 e6 6. Nbd2 Bc5 7. Qe1 h6 8. e4 Bh7 9. Qe2 0-0 10. Ne5 Nbd7 11. Nxd7 Nxd7 12. Kh1 a5 13. a4 f5 14. Nb3 fxe4 15. dxe4 Bb6 16. Be3 Kh8 17. Rad1 Bxe3 18. Qxe3 Qc7 19. Rd2 Ne5 20. Re2 Ng4 21. Qc3 Qb6 22. Qc5 Qb4 23. e5 h5 24. Qxb4 axb4 25. Nc5 Rfe8 26. b3 b6 27. Nb7 Re7 28. Nd6 Rd7 29. f4 Re7 30. Bf3 Bg6 31. Rc1 Ra5 32. h3 Nh6 33. Rd2 Rc5 34. Bd1 Rc3 35. Kg2 Nf7 36. Nc8 Rb7 37. Ra1 Rb8 38. Ne7 Be4+ 39. Kf2 Re8 40. a5 bxa5 41. Rxa5 Rxe7 42. Ra8+ Kh7 43. Rb8 c5 44. Bxh5 Bxc2 0-1

[Event "BUL-chT"]
[Site "Bankia"]
[Date "1992.??.??"]
[Round "6"]
[White "Nenkov, Ljudmil"]
[Black "Tashkov, Rumen"]
[Result "1-0"]
[WhiteElo "2300"]
[BlackElo "2240"]
[PlyCount "129"]
[EventDate "1992.??.??"]
[EventType "team"]
[EventRounds "11"]
[EventCountry "BUL"]
[SourceTitle "EXT 1998"]
[Source "ChessBase"]
[SourceDate "1997.11.17"]
[SourceVersion "1"]
[SourceVersionDate "1997.11.17"]
[SourceQuality "1"]

1. d4 d6 2. c4 e5 3. dxe5 dxe5 4. Qxd8+ Kxd8 5. Nf3 f6 6. Nc3 Be6 7. e3 Nd7 8. b3 Nh6 9. h3 c6 10. Bb2 a5 11. Rg1 Bb4 12. a3 Be7 13. Ne4 Nf7 14. g4 Nd6 15. Nfd2 Nxe4 16. Nxe4 Kc7 17. Bd3 Nc5 18. Nxc5 Bxc5 19. Ke2 Rhd8 20. Bxh7 a4 21. Bf5 Bf7 22. b4 Bxc4+ 23. Kf3 Be7 24. h4 c5 25. bxc5 Rd5 26. Be6 Rxc5 27. Bxc4 Rxc4 28. Rac1 Rc6 29. g5 Ra5 30. g6 Rb5 31. Rxc6+ Kxc6 32. Bc1 Kd7 33. e4 Ke8 34. h5 Kf8 35. Be3 Ra5 36. Rc1 Ra8 37. Bc5 b5 38. Bxe7+ Kxe7 39. Rc7+ Kd6 40. Rxg7 b4 41. Rb7 bxa3 42. Rb1 Ke7 43. Kg4 a2 44. Ra1 Kf8 45. h6 a3 46. Rxa2 Kg8 47. Kf5 Ra6 48. f3 Kh8 49. Rg2 Ra8 50. g7+ Kh7 51. Kxf6 a2 52. g8Q+ Rxg8 53. Rxa2 Rf8+ 54. Kxe5 Rxf3 55. Rh2 Rf8 56. Kd6 Rd8+ 57. Ke7 Ra8 58. e5 Ra7+ 59. Kf6 Ra1 60. Rh4 Rf1+ 61. Ke7 Ra1 62. e6 Ra7+ 63. Kf6 Ra6 64. Kf7 Ra7+ 65. e7 1-0

[Event "Bankia tt"]
[Site "Bankia"]
[Date "1992.??.??"]
[Round "1"]
[White "Velikov, Petar"]
[Black "Nenkov, Ljudmil"]
[Result "1/2-1/2"]
[WhiteElo "2445"]
[BlackElo "2300"]
[PlyCount "90"]
[EventDate "1992.??.??"]
[EventType "team"]
[EventRounds "7"]
[EventCountry "BUL"]
[SourceTitle "EXT 1997"]
[Source "ChessBase"]
[SourceDate "1996.11.15"]
[SourceVersion "1"]
[SourceVersionDate "1996.11.15"]
[SourceQuality "1"]

1. Nf3 d5 2. g3 Nf6 3. Bg2 e6 4. 0-0 c5 5. c4 d4 6. e3 Nc6 7. exd4 cxd4 8. Re1 Bd6 9. d3 0-0 10. Bg5 h6 11. Bxf6 gxf6 12. a3 a5 13. Nbd2 f5 14. Rc1 Re8 15. c5 Bf8 16. Ne5 Nxe5 17. Rxe5 Qc7 18. Re1 Bd7 19. Nc4 Bc6 20. Nb6 Bxg2 21. Kxg2 Ra6 22. b4 axb4 23. axb4 Qc6+ 24. Kf1 Qb5 25. Rc4 Rd8 26. Qf3 Qc6 27. Qe2 Bg7 28. Rb1 Qb5 29. Qf3 Qc6 30. Qxc6 bxc6 31. b5 Ra7 32. bxc6 Rc7 33. Nd7 Rxc6 34. Rb7 e5 35. Nb8 Rcc8 36. c6 e4 37. c7 Re8 38. Rb3 exd3 39. Rxd3 Re7 40. Na6 Re6 41. Rb3 Kh7 42. Rb8 Ree8 43. Rxc8 Rxc8 44. Rb4 Kg6 45. Rb5 d3 1/2-1/2

[Event "Pernik Benderev Memorial-10"]
[Site "Pernik"]
[Date "1984.05.05"]
[Round "15"]
[White "Korzubov, Peter"]
[Black "Nenkov, Ljudmil"]
[Result "1/2-1/2"]
[WhiteElo "2470"]
[BlackElo "2245"]
[PlyCount "33"]
[EventDate "1984.04.20"]
[EventType "tourn"]
[EventRounds "15"]
[EventCountry "BUL"]
[EventCategory "7"]
[SourceTitle "MCD"]
[Source "ChessBase"]
[SourceDate "1999.07.01"]
[SourceVersion "1"]
[SourceVersionDate "1999.07.01"]
[SourceQuality "1"]

1. e4 c5 2. Nf3 d6 3. d4 cxd4 4. Nxd4 Nf6 5. Nc3 a6 6. Be2 e5 7. Nb3 Be7 8. 0-0 0-0 9. a4 Be6 10. f4 exf4 11. Bxf4 Nc6 12. Kh1 d5 13. e5 Nd7 14. Nxd5 Bg5 15. Bg3 Bh4 16. Bf4 Bg5 17. Bg3 1/2-1/2

[Event "Pernik Benderev Memorial-10"]
[Site "Pernik"]
[Date "1984.05.02"]
[Round "12"]
[White "Nenkov, Ljudmil"]
[Black "Lukov, Valentin"]
[Result "1/2-1/2"]
[WhiteElo "2245"]
[BlackElo "2435"]
[PlyCount "46"]
[EventDate "1984.04.20"]
[EventType "tourn"]
[EventRounds "15"]
[EventCountry "BUL"]
[EventCategory "7"]
[SourceTitle "MCD"]
[Source "ChessBase"]
[SourceDate "1999.07.01"]
[SourceVersion "1"]
[SourceVersionDate "1999.07.01"]
[SourceQuality "1"]

1. d4 Nf6 2. c4 e6 3. Nf3 c5 4. Nc3 cxd4 5. Nxd4 Bb4 6. Bd2 Nc6 7. Nxc6 bxc6 8. a3 Be7 9. e4 d6 10. Be2 0-0 11. 0-0 Bb7 12. b4 Ne8 13. Be3 Bg5 14. Qd2 Bxe3 15. Qxe3 a5 16. Rfd1 Qb8 17. c5 axb4 18. axb4 d5 19. Bd3 Nc7 20. exd5 exd5 21. b5 cxb5 22. Nxb5 Nxb5 23. Bxb5 Qc8 1/2-1/2

[Event "Pernik Benderev Memorial-10"]
[Site "Pernik"]
[Date "1984.04.27"]
[Round "8"]
[White "Peev, Peicho Chonev"]
[Black "Nenkov, Ljudmil"]
[Result "1/2-1/2"]
[WhiteElo "2405"]
[BlackElo "2245"]
[PlyCount "105"]
[EventDate "1984.04.20"]
[EventType "tourn"]
[EventRounds "15"]
[EventCountry "BUL"]
[EventCategory "7"]
[SourceTitle "MCD"]
[Source "ChessBase"]
[SourceDate "1999.07.01"]
[SourceVersion "1"]
[SourceVersionDate "1999.07.01"]
[SourceQuality "1"]

1. d4 d5 2. c4 e6 3. Nf3 Nf6 4. Nc3 Be7 5. Bg5 0-0 6. Qc2 Nbd7 7. cxd5 exd5 8. Rd1 c6 9. e3 Ne4 10. Bxe7 Qxe7 11. Bd3 Re8 12. 0-0 Nf8 13. Bxe4 dxe4 14. Nd2 Bg4 15. Rde1 f5 16. f3 exf3 17. Nxf3 Ng6 18. h3 Bxf3 19. Rxf3 f4 20. e4 Rad8 21. Rd1 Rf8 22. Qf2 b5 23. Re1 b4 24. Na4 Nh4 25. Rd3 Rd6 26. Kh2 Rg6 27. Rg1 Qxe4 28. Nc5 Qe7 29. a3 Rf5 30. Rd2 Qe3 31. Re2 Qxf2 32. Rxf2 bxa3 33. bxa3 Rd6 34. Rb1 Rxd4 35. Ne6 Ra4 36. Rb7 g6 37. Rc2 Ra6 38. Rg7+ Kh8 39. Rc7 h5 40. Nd4 Rf8 41. Re2 Nf5 42. Nxf5 gxf5 43. Ree7 Rd8 44. Rh7+ Kg8 45. Rhg7+ Kh8 46. Rg5 Rd5 47. Rxh5+ Kg8 48. Rg5+ Kh8 49. h4 Rxa3 50. Rxc6 Kh7 51. Rc7+ Kh6 52. Rg8 f3 53. gxf3 1/2-1/2